| 000 | 00903nam0a22002771 4500 | ||
|---|---|---|---|
| 001 | rc\4333315 | ||
| 005 | 20250612052022.0 | ||
| 021 |
_aRU _b[58-59819] |
||
| 035 | _a(NLR Aleph) 008519181 | ||
| 090 |
_a8217523 _c8217523 |
||
| 100 | _a20130416d1958 |||y0rusy50 ca | ||
| 101 | 0 | _arus | |
| 102 | _aRU | ||
| 105 | _ay z ||||| | ||
| 200 | 1 | _aБиохимия чумного микроба (Pasteurella pestis) | |
| 210 |
_aМосква _cМедгиз _d1958 |
||
| 215 |
_a114 с. _d21 |
||
| 320 | _aБиблиогр.: с. 138-143 (199 назв.) | ||
| 606 |
_aЧумные бактерии _xБиохимия _2psbo |
||
| 700 | 1 |
_aГубарев _bЕ.М. _f1903-1963 _gЕвгений Михайлович |
|
| 701 | 1 |
_aИвановский _bН.Н. _gНиколай Николаевич |
|
| 801 | 0 |
_aRU _bNLR _gpsbo |
|
| 801 | 1 |
_aRU _bELAR _2rusmarc |
|
| 852 |
_aNLR _j58-3/4991 |
||
| 942 | _cBOOK | ||
| 980 | _aNB | ||